Geography General Knowledge 4 - Statistics

General Stats
  • This quiz has been taken 66 times
  • The average score is 17 of 30
Answer Stats
Question Answer % Correct
9) The Burj Khalifa is located in which city? Dubai
93%
5) The Holiest river in India Ganges
89%
12) Vast, remote region of eastern Russia Siberia
85%
24) Wealthy island nation south of Malaysia Singapore
83%
19) The worlds deepest lake, located in Siberia Baikal
80%
1) This peak is often called "killer mountain" K2
80%
13) Former area of SW China where the Dalai Lamalived Tibet
80%
30) Ancient city in the Jordan desert built into sandstonecliffs Petra
78%
25) Hong Kong speaks this Chinese dialect Cantonese
76%
3) The Petronas Towers are located inwhich city? Kuala Lumpur
76%
2) This large island is shared by 3 nations Borneo
74%
22) This Japanese city is famous for its renowned beef Kobe
72%
18) Mountain in eastern Turkey said to be where Noahsark landed Ararat
70%
11) Formerly Nur-Sultan, Kazakhstan Astana
65%
28) Megacity on the coast of Pakistan Karachi
59%
20) Japanese city on Hokkaido, host of the 1972 WinterOlympics Sapporo
59%
10) Manama is the capital of this island nation Bahrain
57%
4) Popular Thai island known for its nightlifeand beaches Phuket
57%
16) This steppe city is the worlds coldest recorded capital Ulaanbaatar
57%
27) This Caspian Sea capital boasts the worlds largestKFC Baku
56%
17) Strait between the Persian Gulf and the Gulf of Oman Hormuz
44%
7) This island off of Yemen is home to rare andunusual plant life Socotra
41%
29) Strait between Malaysia and Sumatra, an importantshipping route Malacca
39%
8) Largest city in Central Asia Tashkent
39%
23) This sea lies north of Japan and the Kamchatka peninsula of Russia Okhotsk
17%
6) 4th largest city in South Korea Daegu
13%
14) 2nd largest city in Kyrgyzstan Osh
13%
15) This capital translates to "Monday" in its native language Dushanbe
11%
21) Indonesia is moving its capital from Jakarta tothis future Borneo city Nusantara
9%
26) Largest lake in Mongolia Khuvsgul
0%
No matching quizzes found
Score Distribution
Percent of People with Each Score
Percentile by Number Answered
Your Score History
You have not taken this quiz